Gandhi. (Record no. 113193)
[ view plain ]
| 000 -LEADER | |
|---|---|
| fixed length control field | 00320nam a2200133 a 4500 |
| 005 - DATE AND TIME OF LATEST TRANSACTION | |
| control field | 20140414132006.0 |
| 008 - FIXED-LENGTH DATA ELEMENTS--GENERAL INFORMATION | |
| fixed length control field | 110222s19uu xx 00 eng d |
| 050 ## - LIBRARY OF CONGRESS CALL NUMBER | |
| Classification number | DVD |
| Item number | G15 |
| 245 ## - TITLE STATEMENT | |
| Title | Gandhi. |
| 520 ## - SUMMARY, ETC. | |
| Summary, etc | Winner of 9 academy awards. |
| 650 ## - SUBJECT ADDED ENTRY--TOPICAL TERM | |
| Topical term or geographic name as entry element | India |
| 650 ## - SUBJECT ADDED ENTRY--TOPICAL TERM | |
| Topical term or geographic name as entry element | Gandhi, Mahatma, 1869-1948. |
| Withdrawn status | Lost status | Damaged status | Home library | Current library | Shelving location | Date acquired | Total Checkouts | Full call number | Barcode | Date last seen | Price effective from | Koha item type |
|---|---|---|---|---|---|---|---|---|---|---|---|---|
| Munich Library | Munich Library | Audio Visual Material Section | 02/22/2011 | DVD G15 | M4702 | 04/14/2014 | 04/14/2014 | Audio Visual Materials |